| 000 | 00389nam a22001457a 4500 | ||
|---|---|---|---|
| 003 | OSt | ||
| 005 | 20220606045045.0 | ||
| 008 | 151102b xxu||||| |||| 00| 0 eng d | ||
| 020 | _a9966805583 | ||
| 040 |
_cMMU _aMMU _beng _dMMU |
||
| 050 | _aBV4811.C455 2004 | ||
| 245 |
_aUkamilifu Wangu UfikiaoKilele Chake/ _cChambers Oswald. |
||
| 260 |
_aNairobi: _bCana, _c2004. |
||
| 942 |
_2lcc _cLOAN LOAN |
||
| 999 |
_c15599 _d15599 |
||